Measure and category : A survey of the analogies between topological and mesure spaces

Salvato in:
Dettagli Bibliografici
Autore principale: Oxtoby, John C. (Autore)
Natura: Libro
Lingua:inglese
Pubblicazione: New York : Springer Verlag, 1980
Edizione:2.ed.
Tags: Aggiungi Tag
Nessun Tag, puoi essere il primo ad aggiungerne!!

MARC

LEADER 00000nam a22000003a 4500
001 stu94010
005 20150617225615.5
008 050524s1980------------------------eng-d
040 |a STU  |b slo 
041 0 |a eng 
100 1 |a Oxtoby, John C.  |4 aut 
245 1 |a Measure and category :  |b A survey of the analogies between topological and mesure spaces 
250 |a 2.ed. 
260 |a New York :  |b Springer Verlag,  |c 1980 
300 |a 9, 106 s 
996 |b E53664  |c E*53664  |l EE03  |s P  |a 0  |w stu94010_0001